000 00431nam a22001817a 4500
003 MPLRDC
005 20220104123622.0
008 210129b ||||| |||| 00| 0 eng d
020 _a7-80546-044-2
082 _a239 WGDR v.1
100 _a无垢道人
245 _a八仙全传. 上
_c
250 _a一版三刷
260 _a
_b三秦出版社
_c1992
300 _b
650 _a道教传记
942 _cBK
_o239 WGDR v.1
999 _c12844
_d12834